000 00763nam a2200265 i 4500
001 C2-0327231
003 PPAK
005 20180728124912.0
008 140603s2014 my a|||| ||||| | eng d
020 _a9789835966620
040 _aPPAK
_beng
_cPPAK
_erda
082 0 4 _a428.2076
_223
090 0 0 _a428.2076
_bBAN
_dRK
100 0 _aBanulata Dava,
_eauthor
245 1 0 _aEnglish grammar
264 1 _aPetaling Jaya, Selangor :
_bSasbadi ,
_c2014
300 _avi, 129 pages :
_bcolour illustrations ;
_c26 cm.
336 _2rdacontent
_atext
337 _2rdamedia
_aunmediated
338 _2rdacarrier
_avolume
490 1 _aNexus tuntas UPSR
650 1 0 _aEnglish grammar - Problems, exercises, etc.
830 0 _aNexus tuntas UPSR
942 _ddc
_cB
999 _c126796
_d126796